[Event "Bretagne-ch U14/16 Girls"]
[Site "Ploermel"]
[Date "2007.02.16"]
[Round "6"]
[White "Mallet, Clotilde"]
[Black "Auffret, Gaelle"]
[Result "0-1"]
[WhiteElo "1350"]
[BlackElo "1620"]
[PlyCount "92"]
[EventDate "2007.02.13"]
[EventType "tourn"]
[EventRounds "6"]
[EventCountry "FRA"]
[SourceTitle "EXT 2008"]
[Source "ChessBase"]
[SourceDate "2007.11.25"]
[SourceVersion "1"]
[SourceVersionDate "2007.11.25"]
[SourceQuality "1"]

1. e4 e6 2. d4 d5 3. exd5 exd5 4. Nc3 Nf6 5. Bg5 Be7 6. Nf3 0-0 7. Be2 Be6 8. 0-0 c5 9. Re1 Nc6 10. Qd2 Ne4 11. Bxe7 Nxd2 12. Bxd8 Nxf3+ 13. Bxf3 Rfxd8 14. dxc5 Nb4 15. Re2 Rac8 16. a3 Nc6 17. b4 b6 18. cxb6 Nd4 19. Rd2 Nxf3+ 20. gxf3 Rxc3 21. bxa7 Ra8 22. Kg2 Rxa7 23. b5 Rcxa3 24. Rxa3 Rxa3 25. Rd3 Ra8 26. Rb3 Rb8 27. c3 d4 28. Rb1 dxc3 29. b6 c2 30. Rc1 Bf5 31. Kf1 Rxb6 32. Ke1 Rb1 33. Rxb1 cxb1Q+ 34. Kd2 Qc2+ 35. Ke3 Qc1+ 36. Kd4 Qe1 37. h4 f6 38. f4 Qe4+ 39. Kc5 Qd3 40. h5 Kf7 41. Kc6 Ke6 42. f3 Qc4+ 43. Kb6 Kd6 44. h6 Qb4+ 45. Ka7 Kc7 46. Ka8 Qb7# 0-1

[Event "Bretagne-ch U14/16 Girls"]
[Site "Ploermel"]
[Date "2007.02.15"]
[Round "4"]
[White "Le Courric, Ophelie"]
[Black "Mallet, Clotilde"]
[Result "0-1"]
[WhiteElo "1110"]
[BlackElo "1350"]
[PlyCount "66"]
[EventDate "2007.02.13"]
[EventType "tourn"]
[EventRounds "6"]
[EventCountry "FRA"]
[SourceTitle "EXT 2008"]
[Source "ChessBase"]
[SourceDate "2007.11.25"]
[SourceVersion "1"]
[SourceVersionDate "2007.11.25"]
[SourceQuality "1"]

1. c4 e5 2. g3 Nf6 3. Bg2 Bc5 4. e3 Qe7 5. Ne2 d6 6. h3 Bd7 7. 0-0 Bc6 8. Nbc3 Qe6 9. b3 0-0 10. Bb2 d5 11. Qc2 d4 12. Nb5 Bxg2 13. Kxg2 Qc6+ 14. Kg1 Rd8 15. a3 d3 16. Qd1 dxe2 17. Qxe2 a6 18. Nc3 Qd7 19. Nb1 Nc6 20. b4 Bd6 21. c5 Bf8 22. b5 axb5 23. Qxb5 Rab8 24. a4 b6 25. cxb6 Rxb6 26. Qc4 Rxb2 27. Rd1 Qf5 28. Qxc6 Ne4 29. f4 exf4 30. exf4 Qxh3 31. Qxe4 Bc5+ 32. d4 Qh2+ 33. Kf1 Qf2# 0-1